000 00285nam a22001217a 4500
008 180221b xxu||||| |||| 00| 0 eng d
041 _aeng
080 _a32
100 _a23
101 _aPOL
245 _aTHE PLACE OF SCINENCE IN MODERN CIVILISATION
_cVEBLEN
942 _2udc
_cBK
999 _c43005
_d43005